| 000 | 00552nam a2200217Ia 4500 | ||
|---|---|---|---|
| 005 | 20260429111913.0 | ||
| 008 | 260429s9999||||xx |||||||||||||| ||und|| | ||
| 020 | _a9789391502805 | ||
| 041 | _aEnglish | ||
| 082 |
_a539.72167 _bBAL |
||
| 100 | _aDaynan, Ball | ||
| 245 | 0 |
_aHeavy quark physics / _cBall Daynan |
|
| 260 |
_aPune : _bKnowledge Bakers, _c2025. |
||
| 300 | _aviii, 191 p.; hb | ||
| 650 | _a Atomic physics | ||
| 650 | _a Nuclear physics | ||
| 650 | _a Quarks | ||
| 650 | _aPhysics | ||
| 700 | _a Harris, Isabella | ||
| 942 | _cTB | ||
| 999 |
_c51354 _d51354 |
||